| 000 | 00727nam a22002177a 4500 | ||
|---|---|---|---|
| 999 |
_c7630 _d7630 |
||
| 003 | AR-CdUCM | ||
| 008 | 190321b ||||| |||| 00| 0 spa d | ||
| 020 | _a84-7232-291-2 | ||
| 040 |
_aMUNICIPALIDAD PROVINCIAL DEL CUSCO _cBIBLIOTECA MUNICIPAL DEL CUSCO |
||
| 082 |
_a868.6 / _bG96 |
||
| 100 |
_aGutiérrez Vega, Hugo _921547 |
||
| 245 | _aMeridiano 8-0 / | ||
| 260 |
_aMadrid : _bEdiciones Cultura hispánica del Instituto de Cooperación Iberoamericana, _c1982. |
||
| 300 |
_a131 páginas ; _c21 cm. |
||
| 440 |
_aPoesía de España y América. _nLa encina y el mar. _n61 _921548 |
||
| 650 |
_aPoesías españolas _92005 |
||
| 650 |
_aPoesía _9139 |
||
| 700 |
_aOlmos, Cesar _921549 |
||
| 942 |
_2ddc _cLIBROS |
||
| 945 | _azta | ||